000 00767nam a2200241 a 4500
001 000011019
005 20200929162337.0
008 091013s2006 dr 001 p spa d
020 _a1932271694
040 _aDO-SdBNP
_bspa
_cBNPHU
082 _aPR861.44
_bT693f
100 1 _aTorres John
_d1977-
_926461
245 1 0 _aFracturas del devenir / :
_bJohn Torres.
260 _aSan Juan, Puerto Rico :
_bIsla Negra,
_c2006.
300 _a60 p. ;
_c22 cm.
490 1 _aJosemilio González
500 _aIncluye datos biográficos del autor en la solapa de la portada
650 4 _aPoesía puertorriqueña
_91015
650 4 _aLiteratura puertorriqueña
_9250
830 0 _aJosemilio González
_96541
910 _aValidado. Control de calidad MFF
049 _aBNGR
999 _c10757
_d10757